• 首页
  • 本馆介绍
  • 公告通知
  • 最新文献
  • 馆藏检索
  • 电子资源
  • 读者导购
  • 参考咨询
  • 我的图书馆
  • 登录
  • 详细信息显示
  • 放入我的书架
  • 预约/预借图书
  • 作者相关作品
  • 分类相关作品
  • 丛书相关作品
  • 出版社相关作品

书目信息

  • 表格格式
  • 工作单格式
  • 卡片格式
题名:
中国名人故居游学馆
    
 
作者: 孙信茹 撰文/摄影
分册:   桃源依旧——昆明卷
出版信息: 北京   中国画报出版社  2005
页数: 135页
开本: 23cm
丛书名:
单 册:
中图分类: K928.72
科图分类:
主题词: 名人--故居--简介--中国 , 名人--故居--简介--昆明市 , 名人 , 故居 , 地理--中国
电子资源:
ISBN: 7-80024-905-0
000 00921nam0 2200277 450
001 1233636125
005 20121013092135.71
010    @a7-80024-905-0@dCNY20.00
100    @a20050119d2005 em y0chiy50 ea
101 0  @achi
102    @aCN@b110000
105    @aa z 000yd
200 1  @a中国名人故居游学馆@Azhong guo ming ren gu ju you xue guan@i桃源依旧——昆明卷@f孙信茹撰文/摄影
210    @a北京@c中国画报出版社@d2005
215    @a135页@c图,照片@d23cm
300    @a读图时代
330    @a本书介绍了蔡锷故居、朱德故居、卢汉故居、龙云故居、闻一多故居、李广田故居、朱自清故居、施蛰存故居、潘光旦故居、熊庆来故居、周培源故居、聂耳故居等。
606 0  @a名人@x故居@x简介@y中国
606 0  @a名人@x故居@x简介@y昆明市
606 0  @a名人
606 0  @a故居
606 0  @a地理@x中国
690    @aK928.72@v4
701  0 @a孙信茹@Asun xin ru@4撰文/摄影
801  0 @aCN@bNLC@c20101222
905    @a10447@dK928.72@eJY33
    
    中国名人故居游学馆.桃源依旧——昆明卷/孙信茹撰文/摄影.-北京:中国画报出版社,2005
    135页:图,照片;23cm
    读图时代
    
    ISBN 7-80024-905-0:CNY20.00
    本书介绍了蔡锷故居、朱德故居、卢汉故居、龙云故居、闻一多故居、李广田故居、朱自清故居、施蛰存故居、潘光旦故居、熊庆来故居、周培源故居、聂耳故居等。
●
相关链接 在E读中查询图书 在五车中查询图书 在当当中查询图书 在豆瓣中查询图书


正题名:中国名人故居游学馆     索取号:K928.72/JY33         预约/预借

序号 登录号 条形码 馆藏地/架位号 状态 备注
1 7825917   278259171   学院路分馆/ [索取号:K928.72/JY33] 在馆    
2 7825918   278259180   学院路分馆/ [索取号:K928.72/JY33] 在馆    
3 7825919   278259199   学院路分馆/ [索取号:K928.72/JY33] 在馆    
4 7825920   278259206   学院路分馆/ [索取号:K928.72/JY33] 在馆    
唐山师范学院图书馆 欢迎您!
大连网信软件有限公司© 版权所有